<?xml version="1.0" encoding="UTF-8"?>
<record
    xmlns:xsi="http://www.w3.org/2001/XMLSchema-instance"
    xsi:schemaLocation="http://www.loc.gov/MARC21/slim http://www.loc.gov/standards/marcxml/schema/MARC21slim.xsd"
    xmlns="http://www.loc.gov/MARC21/slim">

  <leader>00614nam a2200205Ia 4500</leader>
  <controlfield tag="003">LDD</controlfield>
  <controlfield tag="005">20240209080336.0</controlfield>
  <controlfield tag="008">181101s9999    xx            000 0 und d</controlfield>
  <datafield tag="020" ind1=" " ind2=" ">
    <subfield code="c">100.00</subfield>
  </datafield>
  <datafield tag="040" ind1=" " ind2=" ">
    <subfield code="c">LDD</subfield>
  </datafield>
  <datafield tag="100" ind1=" " ind2=" ">
    <subfield code="a">Adeeb, Masood Hasan Rizvi</subfield>
    <subfield code="9">19236</subfield>
  </datafield>
  <datafield tag="245" ind1=" " ind2="0">
    <subfield code="a">Hamari shairi (  &#x6C1;&#x645;&#x627;&#x631;&#x6CC; &#x634;&#x627;&#x626;&#x631;&#x6CC;  )</subfield>
    <subfield code="c">Masood Hasan Rizvi Adeeb (&#x645;&#x633;&#x639;&#x648;&#x62F; &#x62D;&#x633;&#x646; &#x631;&#x636;&#x648;&#x6CC;)</subfield>
  </datafield>
  <datafield tag="260" ind1=" " ind2=" ">
    <subfield code="a">Aligarh</subfield>
    <subfield code="b">Educational Book House</subfield>
    <subfield code="c">2016</subfield>
  </datafield>
  <datafield tag="300" ind1=" " ind2=" ">
    <subfield code="a">254p.</subfield>
  </datafield>
  <datafield tag="650" ind1=" " ind2=" ">
    <subfield code="2">Urdu</subfield>
  </datafield>
  <datafield tag="901" ind1=" " ind2=" ">
    <subfield code="a">15919</subfield>
    <subfield code="b">16-03-2017</subfield>
  </datafield>
  <datafield tag="902" ind1=" " ind2=" ">
    <subfield code="a">2839</subfield>
    <subfield code="b">16-03-2017</subfield>
    <subfield code="c">F</subfield>
    <subfield code="d">PIBD</subfield>
    <subfield code="e">8U</subfield>
  </datafield>
  <datafield tag="903" ind1=" " ind2=" ">
    <subfield code="a">20</subfield>
    <subfield code="b">Reqst by : Mohd.                        </subfield>
  </datafield>
  <datafield tag="942" ind1=" " ind2=" ">
    <subfield code="2">ddc</subfield>
    <subfield code="c">UR</subfield>
  </datafield>
  <datafield tag="952" ind1=" " ind2=" ">
    <subfield code="0">0</subfield>
    <subfield code="1">0</subfield>
    <subfield code="2">ddc</subfield>
    <subfield code="4">0</subfield>
    <subfield code="7">0</subfield>
    <subfield code="9">41</subfield>
    <subfield code="a">LDD</subfield>
    <subfield code="b">LDD</subfield>
    <subfield code="g">100.00</subfield>
    <subfield code="l">1</subfield>
    <subfield code="o">8U1.09 Ad31H</subfield>
    <subfield code="p">UR000002</subfield>
    <subfield code="r">2022-08-22</subfield>
    <subfield code="s">2022-08-05</subfield>
    <subfield code="v">100.00</subfield>
    <subfield code="w">2018-11-01</subfield>
    <subfield code="y">UR</subfield>
  </datafield>
  <datafield tag="999" ind1=" " ind2=" ">
    <subfield code="c">41</subfield>
    <subfield code="d">41</subfield>
  </datafield>
</record>
